[Event "IECC CL7-2011.01 email"]
[Site "IECC email"]
[Date "2011.02.15"]
[Round "?"]
[White "Hayes, Ian"]
[Black "Goins, Jonathan"]
[Result "0-1"]
[WhiteElo "1036"]
[BlackElo "1029"]
[PlyCount "38"]
[EventDate "2011.??.??"]
[EventType "tourn (corr)"]
[EventRounds "4"]
[SourceTitle "Telechess CBM 145"]
[Source "Chessbase"]
[SourceDate "2011.11.11"]
[SourceVersion "1"]
[SourceVersionDate "2011.11.11"]
[SourceQuality "1"]
[WhiteTeam "England"]
[BlackTeam "US of America"]
[WhiteTeamCountry "ENG"]
[BlackTeamCountry "USA"]

1. e4 c6 2. d4 d5 3. e5 Bf5 4. Nf3 e6 5. Nbd2 Ne7 6. Bd3 Bxd3 7. cxd3 Nd7 8. 0-0 Qc7 9. Ng5 Nf5 10. Ndf3 Be7 11. Bf4 h6 12. Nh3 g5 13. g4 Nxd4 14. Nxd4 gxf4 15. Nxf4 Qxe5 16. Nfe2 0-0-0 17. f3 h5 18. gxh5 Rdg8+ 19. Kh1 Qxh2+ 0-1

[Event "IECC P-4469"]
[Site "IECC email"]
[Date "2008.08.06"]
[Round "?"]
[White "Lehmann, David"]
[Black "Goins, Jonathan"]
[Result "1/2-1/2"]
[WhiteElo "1348"]
[BlackElo "1066"]
[PlyCount "39"]
[EventDate "2008.??.??"]
[EventType "match (corr)"]
[SourceTitle "Corr 2013"]
[Source "ChessBase"]
[SourceDate "2012.11.12"]
[SourceVersion "1"]
[SourceVersionDate "2012.11.12"]
[SourceQuality "1"]
[WhiteTeam "US of America"]
[BlackTeam "Australia"]
[WhiteTeamCountry "USA"]
[BlackTeamCountry "AUS"]

1. e4 c6 2. Nc3 d5 3. exd5 cxd5 4. d4 Nc6 5. Bb5 Bd7 6. Nf3 a6 7. Bxc6 Bxc6 8. Ne5 e6 9. Qf3 Qc7 10. Bf4 Bb4 11. 0-0 Bxc3 12. Qxc3 Qb6 13. b3 Ne7 14. Rad1 0-0 15. Qg3 Nf5 16. Qg4 Rac8 17. Rfe1 Nxd4 18. Bh6 Nf5 19. Be3 Qc7 20. Bd4 1/2-1/2

[Event "IECC CL8-2007.04 email"]
[Site "IECC email"]
[Date "2007.08.10"]
[Round "?"]
[White "Goins, Jonathan"]
[Black "Magee, Kerry"]
[Result "1-0"]
[WhiteElo "965"]
[BlackElo "836"]
[PlyCount "51"]
[EventDate "2007.??.??"]
[EventType "tourn (corr)"]
[EventRounds "4"]
[SourceTitle "Corr 2011"]
[Source "ChessBase"]
[SourceDate "2010.08.31"]
[SourceVersion "1"]
[SourceVersionDate "2010.08.31"]
[SourceQuality "1"]
[WhiteTeam "Italy"]
[BlackTeam "Chile"]
[WhiteTeamCountry "ITA"]
[BlackTeamCountry "CHI"]

1. e4 d5 2. exd5 Qxd5 3. Nc3 Qa5 4. d4 Nf6 5. Nf3 Bg4 6. h3 Bh5 7. g4 Bg6 8. Ne5 e6 9. Bg2 c6 10. 0-0 Bd6 11. Nxg6 hxg6 12. a3 Qa6 13. Re1 Nbd7 14. g5 Nd5 15. Nxd5 cxd5 16. Bxd5 0-0 17. Bg2 Rac8 18. c3 Rfe8 19. Qf3 Qc6 20. h4 Qxf3 21. Bxf3 f6 22. Bxb7 Rb8 23. Bc6 Red8 24. Rxe6 Bf8 25. b4 Nb6 26. gxf6 1-0

[Event "IECC CL7-2005.06 email"]
[Site "IECC email"]
[Date "2005.03.07"]
[Round "?"]
[White "Goins, Jonathan"]
[Black "Garcia, Arsenio"]
[Result "0-1"]
[WhiteElo "1040"]
[BlackElo "1148"]
[PlyCount "98"]
[EventDate "2005.??.??"]
[EventType "tourn (corr)"]
[EventRounds "4"]
[SourceTitle "Corr 2008"]
[Source "ChessBase"]
[SourceDate "2008.06.24"]
[SourceVersion "1"]
[SourceVersionDate "2008.06.24"]
[SourceQuality "1"]

1. e4 e6 2. d4 d5 3. e5 c5 4. c3 Nc6 5. Nf3 Qb6 6. Be2 Nh6 7. 0-0 cxd4 8. cxd4 Nf5 9. Nc3 Nfxd4 10. Nxd4 Nxd4 11. Be3 Nxe2+ 12. Qxe2 d4 13. Bxd4 Qxd4 14. Rfd1 Qb6 15. Rd2 Be7 16. Qb5+ Qxb5 17. Nxb5 0-0 18. Nc7 Rb8 19. Nb5 a6 20. Nd4 f6 21. exf6 Bxf6 22. Nf3 b5 23. Rc1 Bb7 24. Nd4 Bxd4 25. Rxd4 e5 26. Rd7 Rf7 27. Rcc7 Rxd7 28. Rxd7 Rc8 29. h3 Be4 30. Re7 Rc5 31. f3 Bb1 32. b4 Rd5 33. a3 Kf8 34. Ra7 Bc2 35. Rxa6 Ba4 36. Kf2 Rd3 37. Ke2 Rxa3 38. Kf2 Rb3 39. Ra8+ Ke7 40. Rc8 Rxb4 41. Rc7+ Kf6 42. Ke3 Rc4 43. Ra7 h5 44. Kd3 Bc2+ 45. Kd2 b4 46. Ra6+ Kf5 47. g4+ hxg4 48. hxg4+ Kf4 49. Ra4 Bxa4 0-1

[Event "IECC CL7-2004.18 email"]
[Site "IECC email"]
[Date "2004.11.16"]
[Round "?"]
[White "Jibouleau, Jean"]
[Black "Goins, Jonathan"]
[Result "1-0"]
[WhiteElo "1172"]
[BlackElo "1022"]
[PlyCount "45"]
[EventDate "2004.??.??"]
[EventType "tourn (corr)"]
[EventRounds "4"]
[SourceTitle "Corr 2008"]
[Source "ChessBase"]
[SourceDate "2008.06.24"]
[SourceVersion "1"]
[SourceVersionDate "2008.06.24"]
[SourceQuality "1"]

1. e4 c6 2. d4 d5 3. Nc3 dxe4 4. Nxe4 Bf5 5. Ng3 Bg6 6. Nf3 Nd7 7. Bd3 Bxd3 8. Qxd3 Qc7 9. Be3 Ngf6 10. 0-0 e5 11. Rfe1 0-0-0 12. Ng5 Nb6 13. Qb3 Nbd5 14. c4 exd4 15. cxd5 dxe3 16. Qxe3 cxd5 17. Rac1 Bc5 18. Rxc5 Qxc5 19. Qxc5+ Kb8 20. Nxf7 Rc8 21. Qd6+ Rc7 22. Nxh8 Ne8 23. Rxe8# 1-0

[Event "IECC Swiss-492.1"]
[Site "IECC email"]
[Date "2004.11.01"]
[Round "?"]
[White "Svensson, Robert"]
[Black "Goins, Jonathan"]
[Result "1-0"]
[WhiteElo "1592"]
[BlackElo "1013"]
[PlyCount "61"]
[EventDate "2004.??.??"]
[EventType "swiss (corr)"]
[EventRounds "1"]
[SourceTitle "Corr 2020"]
[Source "ChessBase"]
[SourceDate "2019.09.30"]
[SourceVersion "1"]
[SourceVersionDate "2019.09.30"]
[SourceQuality "1"]
[WhiteTeam "Sweden"]
[BlackTeam "United States"]
[WhiteTeamCountry "SWE"]
[BlackTeamCountry "USA"]

1. e4 c6 2. d4 d5 3. exd5 cxd5 4. c3 Nc6 5. Bd3 Nf6 6. Bf4 Bg4 7. Qb3 Qd7 8. Nd2 e6 9. Ngf3 Bxf3 10. Nxf3 Bd6 11. Bxd6 Qxd6 12. Qxb7 0-0 13. Qa6 Rab8 14. 0-0 Rxb2 15. Bb5 Ne4 16. Qxc6 Rb8 17. Qxd6 Nxd6 18. Bd3 Nc4 19. Rab1 h6 20. Rxb2 Nxb2 21. Rb1 a5 22. c4 dxc4 23. Bxc4 Rb4 24. Bf1 Nc4 25. Rxb4 axb4 26. Bxc4 Kf8 27. Ne5 Ke7 28. Nc6+ Kd6 29. Nxb4 e5 30. dxe5+ Kc5 31. Bxf7 1-0

[Event "IECC CL7-2004.15 email"]
[Site "IECC email"]
[Date "2004.10.08"]
[Round "?"]
[White "Alexander, Ross"]
[Black "Goins, Jonathan"]
[Result "0-1"]
[WhiteElo "1166"]
[BlackElo "1041"]
[PlyCount "52"]
[EventDate "2004.??.??"]
[EventType "tourn (corr)"]
[EventRounds "4"]
[SourceTitle "Corr 2008"]
[Source "ChessBase"]
[SourceDate "2008.06.24"]
[SourceVersion "1"]
[SourceVersionDate "2008.06.24"]
[SourceQuality "1"]

1. d4 c5 2. d5 d6 3. c4 Bf5 4. Nc3 Qa5 5. Bd2 e5 6. e4 Bxe4 7. Nxe4 Qb6 8. Nf3 g6 9. Qa4+ Nd7 10. g3 Bg7 11. Bh3 0-0-0 12. Ba5 Qxb2 13. Rb1 Qxb1+ 14. Ke2 Qxe4+ 15. Kf1 Ngf6 16. Bxd8 Rxd8 17. Bg2 Ng4 18. Ng5 Qf5 19. Ne4 Ne3+ 20. Ke2 Nb6 21. Qb3 Nxg2 22. Nd2 Bh6 23. f3 Nf4+ 24. gxf4 Qxf4 25. a4 Qxd2+ 26. Kf1 Be3 0-1

[Event "IECC CL7-2004.11 email"]
[Site "IECC email"]
[Date "2004.07.02"]
[Round "?"]
[White "Goins, Jonathan"]
[Black "Behr, Robert D"]
[Result "1-0"]
[WhiteElo "1042"]
[BlackElo "1067"]
[PlyCount "33"]
[EventDate "2004.??.??"]
[EventType "tourn (corr)"]
[EventRounds "4"]
[SourceTitle "Corr 2008"]
[Source "ChessBase"]
[SourceDate "2008.06.24"]
[SourceVersion "1"]
[SourceVersionDate "2008.06.24"]
[SourceQuality "1"]

1. e4 Nc6 2. c3 d6 3. d4 Nf6 4. Bd3 Bg4 5. Nf3 h6 6. 0-0 Qd7 7. Re1 e5 8. dxe5 Nxe5 9. Be2 Nxe4 10. Nxe5 Bxe2 11. Qd5 dxe5 12. Qxb7 Rd8 13. h3 Bd3 14. Be3 Bd6 15. Nd2 Nf6 16. Rad1 0-0 17. Nf3 1-0

[Event "IECC CL7-2004.11 email"]
[Site "IECC email"]
[Date "2004.07.02"]
[Round "?"]
[White "Goins, Jonathan"]
[Black "Fritsch, Klaus"]
[Result "0-1"]
[WhiteElo "1059"]
[BlackElo "1017"]
[PlyCount "76"]
[EventDate "2004.??.??"]
[EventType "tourn (corr)"]
[EventRounds "4"]
[SourceTitle "Corr 2008"]
[Source "ChessBase"]
[SourceDate "2008.06.24"]
[SourceVersion "1"]
[SourceVersionDate "2008.06.24"]
[SourceQuality "1"]

1. e4 e5 2. Nf3 Nc6 3. c3 Nf6 4. d4 Nxe4 5. Qc2 d5 6. Bb5 a6 7. Ba4 b5 8. Bb3 Bf5 9. Qd1 g6 10. Nxe5 Nxe5 11. dxe5 Bc5 12. Bf4 Nxf2 13. Qxd5 Qxd5 14. Bxd5 Rd8 15. Bxf7+ Kxf7 16. 0-0 Nd3+ 17. Kh1 Nxf4 18. c4 Be4 19. Rxf4+ Bf5 20. Rxf5+ gxf5 21. Nc3 Bd4 22. Rc1 Bxe5 23. Rf1 Bxc3 24. bxc3 bxc4 25. h3 Rd3 26. Rxf5+ Kg6 27. Ra5 Rxc3 28. Rxa6+ Kg5 29. Ra5+ Kf4 30. a4 Rg8 31. Kh2 Rc1 32. Rc5 Rc2 33. Kg1 Rgxg2+ 34. Kf1 Rgf2+ 35. Ke1 Ke4 36. a5 Rfe2+ 37. Kd1 Kd3 38. Rd5+ Kc3 0-1

[Event "IECC CL7-2004.11 email"]
[Site "IECC email"]
[Date "2004.07.02"]
[Round "?"]
[White "Lewis, Warren E"]
[Black "Goins, Jonathan"]
[Result "1-0"]
[WhiteElo "1145"]
[BlackElo "1048"]
[PlyCount "77"]
[EventDate "2004.??.??"]
[EventType "tourn (corr)"]
[EventRounds "4"]
[SourceTitle "Corr 2008"]
[Source "ChessBase"]
[SourceDate "2008.06.24"]
[SourceVersion "1"]
[SourceVersionDate "2008.06.24"]
[SourceQuality "1"]

1. e4 e5 2. Nf3 Nc6 3. d4 d6 4. dxe5 Nxe5 5. Nxe5 dxe5 6. Qxd8+ Kxd8 7. Bc4 Nf6 8. Bg5 Bb4+ 9. c3 Be6 10. Bxf6+ Kd7 11. Bxg7 Rhg8 12. Bxe6+ fxe6 13. Bxe5 Bc5 14. Bg3 Rae8 15. Nd2 Kc8 16. 0-0-0 Rgf8 17. Nb3 Bxf2 18. Bxf2 Rxf2 19. g3 Ref8 20. Rd2 b6 21. Kc2 Rf1 22. Rxf1 Rxf1 23. Nd4 e5 24. Nc6 Re1 25. Kd3 Ra1 26. a3 Rf1 27. Nxa7+ Kb7 28. Nb5 Kc6 29. Nxc7 Kxc7 30. Kc4 Re1 31. Kd5 Rf1 32. Kxe5 Rf7 33. Ke6 Rg7 34. Rf2 Kd8 35. Rf8+ Kc7 36. Rf7+ Rxf7 37. Kxf7 Kd6 38. Kg7 Ke5 39. Kxh7 1-0

[Event "IECC CL8-2004.02 email"]
[Site "IECC email"]
[Date "2004.02.18"]
[Round "?"]
[White "Goins, Jonathan"]
[Black "Ballueder, Volker"]
[Result "1-0"]
[WhiteElo "1015"]
[BlackElo "997"]
[PlyCount "87"]
[EventDate "2004.??.??"]
[EventType "tourn (corr)"]
[EventRounds "4"]
[SourceTitle "Corr 2008"]
[Source "ChessBase"]
[SourceDate "2008.06.24"]
[SourceVersion "1"]
[SourceVersionDate "2008.06.24"]
[SourceQuality "1"]

1. e4 e5 2. Nf3 Nc6 3. d4 exd4 4. Nxd4 Nxd4 5. Qxd4 b6 6. Be3 Bb7 7. Nc3 d6 8. Bc4 Nf6 9. Bg5 Be7 10. 0-0 0-0 11. Rad1 c5 12. Qe3 Re8 13. Bf4 Qd7 14. Rfe1 h6 15. e5 Ng4 16. Bxf7+ Kf8 17. e6 Qc6 18. Qe4 Qxe4 19. Nxe4 Red8 20. Ng3 Bc6 21. Nf5 Bg5 22. Bxd6+ Rxd6 23. Rxd6 Rc8 24. Rxc6 Rxc6 25. e7+ Bxe7 26. Rxe7 Rc8 27. g3 Nf6 28. c4 Rd8 29. Bg6 Rd1+ 30. Kg2 Nd7 31. Bh5 Rd2 32. Rxg7 Ne5 33. a3 Nxc4 34. Rxa7 Kg8 35. Nxh6+ Kh8 36. b3 Ne3+ 37. Kf3 Nd5 38. Rd7 Rd3+ 39. Ke2 Rd4 40. Rf7 Re4+ 41. Kd3 Re5 42. Rf5 Rxf5 43. Nxf5 Nf6 44. g4 1-0